Ridiculously Obvious Signs II Quiz Stats

 Plays Quiz Updated Oct 5, 2017

Challenge
Share
Tweet
Score 0/22 Timer 05:00
2 Plays Today
% Correct
Dried
98.6%
Hot
97.9%
Open
97.8%
Pizza
97.8%
Fish
97.7%
Stop
97.4%
Leave
97.3%
Floor
97.1%
Closed
96.7%
Have
96.3%
Cheese
96%
% Correct
Not
95.6%
Broken
95.4%
Steps
95.3%
Wet
95.2%
Water
93.1%
Fence
92%
Drink
91.5%
Sea
89.4%
Dangerous
87.9%
Made
86.3%
Signage
62.2%

You're not logged in!

Compare scores with friends on all Sporcle quizzes.
OR
Log In

You Might Also Like...

Show Comments

Extras

Top Quizzes Today


Score Distribution

Your Account Isn't Verified!

In order to create a playlist on Sporcle, you need to verify the email address you used during registration. Go to your Sporcle Settings to finish the process.

Report this User

Report this user for behavior that violates our Community Guidelines.

Details: